Normal view MARC view

Entry Nombre personal

Number of records used in: 8

001 - NÚMERO DE CONTROL

  • campo de control: 242636

003 - IDENTIFICADOR DE NÚMERO DE CONTROL

  • campo de control: SpMaBN

005 - FECHA Y HORA DE LA ÚLTIMA TRANSACCIÓN

  • campo de control: 20251219204505.0

008 - ELEMENTOS DE DATO DE LONGITUD-FIJA

  • campo de control de longitud fija: 901120nn aijnnaabn n aaa

016 ## - NÚMERO DE CONTROL DE UNA AGENCIA BIBLIOGRÁFICA NACIONAL

  • Número de control del registro: BNE19900081212

024 7# - IDENTIFICADOR DE OTROS ESTÁNDARES

  • Número estándar o código: http://viaf.org/viaf/29540305/
  • Fuente: viaf

024 7# - IDENTIFICADOR DE OTROS ESTÁNDARES

  • Número estándar o código: https://isni.org/isni/000000008108076X
  • Fuente: isni

024 7# - IDENTIFICADOR DE OTROS ESTÁNDARES

  • Número estándar o código: http://www.wikidata.org/entity/Q309786
  • Fuente: wikidata

040 ## - FUENTE DE CATALOGACIÓN

  • Centro catalogador/agencia de origen: SpMaBN
  • Lengua de catalogación: spa
  • Centro/agencia transcriptor: SpMaBN
  • Normas de descripción: rdc
  • Convención/Normas de encabezamiento de materia/tesauro: embne

046 ## - FECHAS CON CODIFICACIÓN ESPECIAL

  • Fecha de nacimiento: 1862
  • Fecha de la muerte: 1911

100 1# - ENCABEZAMIENTO-NOMBRE DE PERSONA

  • Nombre de persona: Salgari, Emilio,
  • Fechas asociadas al nombre: 1862-1911

370 ## - LUGAR ASOCIADO

  • Lugar de nacimiento: Verona
  • Número de control del registro de autoridad o número normalizado: XX456530
  • Fuente de información: Wikidata

374 ## - OCUPACIÓN

  • Ocupación: Escritores
  • Ocupación: Guionistas
  • Ocupación: Periodistas
  • Ocupación: Marineros
  • Fuente de información: Wikidata

375 ## - GÉNERO/SEXO

  • Género: Masculino

377 ## - IDIOMA ASOCIADO

  • Término de lengua/lenguaje: Italiano

670 ## - FUENTE DE DATOS ENCONTRADOS

  • Cita de la fuente: Sandokán, 1988
  • Información encontrada: port. (Emilio Salgari)

670 ## - FUENTE DE DATOS ENCONTRADOS

  • Cita de la fuente: Dic. de escritores célebres, 1995
  • Información encontrada: (Salgari, Emilio; novelista italiano (Verona, 1862-Turín, 1911))

670 ## - FUENTE DE DATOS ENCONTRADOS

  • Cita de la fuente: WWW ICCU, bibliot. ita., 12-1-2001
  • Información encontrada: (Salgari, Emilio)